R v Dairy Produce Quota Tribunal for England and Wales , ex parte Caswell (Record no. 21298)
[ view plain ]
| 000 -LEADER | |
|---|---|
| fixed length control field | 01511cab a2200193 4500 |
| 001 - CONTROL NUMBER | |
| control field | ABS41688 |
| 008 - FIXED-LENGTH DATA ELEMENTS--GENERAL INFORMATION | |
| fixed length control field | 090401t1989 xxu||||| |||| 00| 0 eng d |
| 035 ## - SYSTEM CONTROL NUMBER | |
| System control number | (Sirsi) u31728 |
| 041 ## - LANGUAGE CODE | |
| Language code of text/sound track or separate title | eng |
| 245 ## - TITLE STATEMENT | |
| Title | R v Dairy Produce Quota Tribunal for England and Wales , ex parte Caswell |
| 260 ## - PUBLICATION, DISTRIBUTION, ETC. | |
| Date of publication, distribution, etc. | 1989 |
| 350 ## - PRICE (NR) (BK AM CF MU VM SE) [OBSOLETE] | |
| Price | 0 |
| 490 ## - SERIES STATEMENT | |
| Series statement | Weekly Law Reports |
| Volume/sequential designation | (1989) 1 WLR 1089-1100(11) |
| 520 ## - SUMMARY, ETC. | |
| Summary, etc. | CA 26 May 1989 Application for judicial review of a decision of the tribunal. The applicants were A R and E E Caswell (C), partners in a dairy farming enterprise in Wales. C challenged the tribunal`s decision limiting the quantity of their claim under the exceptional hardship provisions in the Dairy Produce Quotas Regulations 1984 . The tribunal had dismissed the claim in 1985, but C took no steps to challenge the decision until 1987 when they applied for and obtained ex parte leave to move for judicial review. C conceded before QBD that there had been undue delay but they resisted an assertion by MAFF on the tribunal`s behalf that since there had been a number of unsuccessful applications to which the same provisions applied, the grant of relief would be detrimental to good administration . QBD held that tribunal were wrong in their construction of the regulations, but, accepting the ministry`s evidence, declined to grant relief. On appeal, CA upheld QBD decision. |
| 650 ## - SUBJECT ADDED ENTRY--TOPICAL TERM | |
| Topical term or geographic name entry element | MILK QUOTAS |
| 690 ## - LOCAL SUBJECT ADDED ENTRY--TOPICAL TERM (OCLC, RLIN) | |
| Topical term or geographic name as entry element | MANAGEMENT-BUSINESS MANAGEMENT-INFORMATION MANAGEMENT |
| 942 ## - ADDED ENTRY ELEMENTS (KOHA) | |
| Suppress in OPAC | 0 |
| 948 ## - LOCAL PROCESSING INFORMATION (OCLC); SERIES PART DESIGNATOR (RLIN) | |
| c (OCLC) | 04/03/1997 |
| Withdrawn status | Lost status | Source of classification or shelving scheme | Damaged status | Not for loan | Home library | Current library | Shelving location | Date acquired | Total Checkouts | Full call number | Barcode | Date last seen | Copy number | Price effective from | Koha item type |
|---|---|---|---|---|---|---|---|---|---|---|---|---|---|---|---|
| Dewey Decimal Classification | London | London | Journal article | 14/09/1999 | ABS41688 | 31728-1001 | 06/08/2019 | 1 | 06/08/2019 | Law report |